00451 a2200121 4500003000500000005001700005040000900022082000800031245010400039260003200143650013100175651002300306Nust20170207165248.0 cNust a799 aLec by Col Muhammad Fayyaz Khan on Estb of Secure Cellular Comm for Pak Army, Photographs-2014cMCS aRawalpindibMCSc30-05-2014 aPictures of Lec by Col Muhammad Fayyaz Khan on Estb of Secure Cellular Comm for Pak Army, Photographs-2014 (CD-NO 24 Vol III)  aSweet Memories-MCS